[Event "ChessKid Divisione 1 - Vincitori"]
[Site "Internet"]
[Date "23.05.2023"]
[Round "VS2"]
[White "Kollars, Dmitrij"]
[Black "Van Foreest, Jorden"]
[Result "0-1"]
[WhiteTitle "GM"]
[BlackTitle "GM"]
[WhiteElo "2607"]
[BlackElo "2689"]
[WhiteFideId "12909572"]
[BlackFideId "1039784"]
[EventDate "22.05.2023"]
[EventType "k.o."]

1. e4 c5 2. Nf3 e6 3. d4 cxd4 4. Nxd4 Nf6 5. Nc3 Nc6 6. Nxc6 bxc6 7. e5 Nd5 8.
Ne4 Qc7 9. f4 f5 10. exf6 gxf6 11. Qh5+ Kd8 12. Bd2 Qb6 13. c4 Qd4 14. Qe2 Ba6
15. O-O-O Kc8 16. Qe1 Rb8 17. Bc3 Qe3+ 18. Kc2 Qxe1 19. Rxe1 Nxc3 20. Nxc3 h5
21. Bd3 f5 22. g3 c5 23. Nb5 Ra8 24. Rhg1 Bb7 25. b3 a6 26. Nc3 Bg7 27. Ne2 Kc7
28. a3 Bc6 29. Rb1 Rhb8 30. h4 Bf6 31. b4 Be7 32. Kc3 Rb6 33. Rb3 Rab8 34. b5
axb5 35. cxb5 Bd5 36. Rbb1 Bf6+ 37. Kd2 Ra8 38. Rgc1 Kd6 39. Nc3 Rxa3 40. Nxd5
exd5 41. Rd1 c4 42. Bxf5 Rxg3 43. Ke2 d4 44. Kf2 Ra3 45. Kg2 Kc5 46. Bxd7 Bxh4
47. Rh1 Rg6+ 48. Kf1 Rf3+ 49. Ke2 Rxf4 50. b6 Rxb6 0-1

[Event "ChessKid Divisione 1 - Vincitori"]
[Site "Internet"]
[Date "23.05.2023"]
[Round "VS3"]
[White "Van Foreest, Jorden"]
[Black "Kollars, Dmitrij"]
[Result "1-0"]
[WhiteTitle "GM"]
[BlackTitle "GM"]
[WhiteElo "2689"]
[BlackElo "2607"]
[WhiteFideId "1039784"]
[BlackFideId "12909572"]
[EventDate "22.05.2023"]
[EventType "k.o."]

1. d4 d5 2. c4 c6 3. Nf3 Nf6 4. g3 dxc4 5. Bg2 Bf5 6. Nc3 e6 7. O-O Nbd7 8. Nh4
Bg4 9. h3 Bh5 10. b3 Bb4 11. Bd2 cxb3 12. Qxb3 a5 13. g4 Nd5 14. Nf3 Nxc3 15.
Bxc3 Bxc3 16. Qxc3 Bg6 17. Ne5 Nxe5 18. dxe5 O-O 19. Rad1 Qe7 20. Rd6 Rfd8 21.
Rfd1 f6 22. Qc5 Rd7 23. Qb6 Rxd6 24. exd6 Qd7 25. f4 e5 26. fxe5 fxe5 27. Qc7
Rd8 28. Qxa5 Bf7 29. Qxe5 Bxa2 30. e4 Bb3 31. Rd2 Qe6 32. Qa5 Qd7 33. e5 Re8 34.
Rb2 Bf7 35. Qc7 Qxc7 36. dxc7 b5 37. Bxc6 Rc8 38. Rd2 Be6 39. Bd7 1-0

[Event "ChessKid Divisione 1 - Vincitori"]
[Site "Internet"]
[Date "23.05.2023"]
[Round "VS4"]
[White "Kollars, Dmitrij"]
[Black "Van Foreest, Jorden"]
[Result "1/2-1/2"]
[WhiteTitle "GM"]
[BlackTitle "GM"]
[WhiteElo "2607"]
[BlackElo "2689"]
[WhiteFideId "12909572"]
[BlackFideId "1039784"]
[EventDate "22.05.2023"]
[EventType "k.o."]

1. e4 e5 2. Nf3 Nc6 3. Bb5 Nf6 4. d3 Bc5 5. Nc3 Nd4 6. Nxe5 c6 7. Bc4 d5 8. exd5
cxd5 9. Bb3 O-O 10. O-O Re8 11. Bf4 b5 12. Re1 h6 13. Bg3 a5 14. a4 b4 15. Nb5
Ra6 16. c3 Nxb3 17. Qxb3 Bf5 18. d4 Bf8 19. Re3 Ne4 20. Rae1 Rae6 21. Nf3 Rc6
22. Nc7 Rxc7 23. Bxc7 Qxc7 24. Qxd5 g6 25. Rxe4 Rxe4 26. Rxe4 Bxe4 27. Qxe4 bxc3
28. bxc3 Qxc3 29. Qe1 Qb3 30. Qxa5 Qd1+ 31. Qe1 Qxa4 32. h3 Bd6 33. g3 Qc6 34.
Qe3 Kg7 35. Nd2 Bc7 36. Qd3 Qd5 37. Nc4 h5 38. h4 Bb8 39. Ne3 Qf3 40. d5 Ba7 41.
d6 Bxe3 42. fxe3 Qxg3+ 43. Kf1 Qh3+ 44. Ke2 Qd7 45. Qc3+ Kg8 46. Qc7 Qb5+ 47.
Kd2 Qd5+ 48. Kc3 Qe5+ 49. Kb4 Qe4+ 50. Kb5 Qb1+ 51. Ka6 Qd3+ 52. Kb7 Qb5+ 53.
Kc8 Qa6+ 54. Kb8 Qb5+ 55. Qb7 Qe5 56. Qb6 g5 57. Qd4 Qb5+ 58. Kc7 Qa5+ 59. Kc6
Qa6+ 60. Qb6 Qc8+ 61. Qc7 Qa6+ 62. Kc5 Qa3+ 63. Kb5 Qb3+ 64. Ka6 Qd3+ 65. Kb7
Qb5+ 66. Kc8 Qa6+ 67. Kd8 gxh4 68. d7 h3 69. Qc8 Qd6 70. Qb7 h2 71. Kc8 Qc5+ 72.
Kb8 Qe5+ 73. Kc8 Qc5+ 74. Kd8 Qf8+ 75. Kc7 Qc5+ 76. Kb8 Qe5+ 77. Ka7 Qa5+ 78.
Kb8 Qe5+ 1/2-1/2

[Event "ChessKid Divisione 1 - Vincitori"]
[Site "Internet"]
[Date "23.05.2023"]
[Round "VS1"]
[White "Caruana, Fabiano"]
[Black "Abdusattorov, Nodirbek"]
[Result "1/2-1/2"]
[WhiteTitle "GM"]
[BlackTitle "GM"]
[WhiteElo "2764"]
[BlackElo "2731"]
[WhiteFideId "2020009"]
[BlackFideId "14204118"]
[EventDate "22.05.2023"]
[EventType "k.o."]

1. d4 d5 2. Nf3 Nf6 3. g3 c5 4. Bg2 e6 5. O-O Be7 6. dxc5 Bxc5 7. c4 O-O 8. cxd5
exd5 9. Nc3 Nc6 10. Na4 Be7 11. Be3 Bg4 12. Rc1 Re8 13. h3 Bh5 14. Nd4 Qd7 15.
Nxc6 bxc6 16. Bd4 Bf8 17. Re1 Ne4 18. Nc5 Bxc5 19. Bxc5 Bg6 20. Qa4 h5 21. Bd4
Re6 22. h4 Bf5 23. Bf3 Bg4 24. Bxg4 hxg4 25. Kg2 a6 26. f3 Nd2 27. Qc2 Nc4 28.
b3 Ne3+ 29. Bxe3 Rxe3 30. Qxc6 gxf3+ 31. Kf2 Qxc6 32. Rxc6 Rae8 33. Rc8 Rxc8 34.
Kxe3 Rc2 35. exf3 Rxa2 36. Rd1 Ra3 37. Rd3 a5 38. h5 Kh7 39. g4 g6 40. hxg6+
Kxg6 41. Kd4 a4 42. bxa4 Rxa4+ 43. Kxd5 f5 44. gxf5+ Kxf5 45. Rd4 Rxd4+ 46. Kxd4
Kf4 47. Kd3 Kxf3 1/2-1/2

[Event "ChessKid Divisione 1 - Vincitori"]
[Site "Internet"]
[Date "23.05.2023"]
[Round "VS2"]
[White "Abdusattorov, Nodirbek"]
[Black "Caruana, Fabiano"]
[Result "1-0"]
[WhiteTitle "GM"]
[BlackTitle "GM"]
[WhiteElo "2731"]
[BlackElo "2764"]
[WhiteFideId "14204118"]
[BlackFideId "2020009"]
[EventDate "22.05.2023"]
[EventType "k.o."]

1. d4 Nf6 2. c4 e6 3. Nf3 d5 4. Nc3 Bb4 5. g3 O-O 6. Bg2 dxc4 7. O-O Nc6 8. Re1
Rb8 9. a3 Bd6 10. Qa4 e5 11. dxe5 Nxe5 12. Qxa7 Bg4 13. Nxe5 Bxe5 14. Qc5 Bd4
15. Qxc4 Be6 16. Qd3 Ng4 17. Rf1 b5 18. Bf4 Bc4 19. Qf5 Qc8 20. Qxc8 Rbxc8 21.
h3 Nf6 22. Rfc1 Nh5 23. e3 Nxf4 24. gxf4 Bf6 25. Bf1 Rb8 26. Bxc4 bxc4 27. Ra2
Rfd8 28. Ne4 Bxb2 29. Rxc4 f5 30. Ng5 Rd7 31. a4 Bf6 32. Ne6 Rb7 33. a5 Ra7 34.
Rc6 Kf7 35. a6 Bd8 36. Rb2 Be7 37. Nd4 Rd6 38. Ra2 g6 39. Nb5 Rxc6 40. Nxa7 Rb6
41. Nc6 1-0

[Event "ChessKid Divisione 1 - Vincitori"]
[Site "Internet"]
[Date "23.05.2023"]
[Round "VS3"]
[White "Caruana, Fabiano"]
[Black "Abdusattorov, Nodirbek"]
[Result "1-0"]
[WhiteTitle "GM"]
[BlackTitle "GM"]
[WhiteElo "2764"]
[BlackElo "2731"]
[WhiteFideId "2020009"]
[BlackFideId "14204118"]
[EventDate "22.05.2023"]
[EventType "k.o."]

1. e4 e6 2. d4 d5 3. Nc3 Bb4 4. e5 c5 5. a3 Bxc3+ 6. bxc3 Ne7 7. h4 b6 8. Bb5+
Bd7 9. Bd3 c4 10. Be2 Ba4 11. h5 h6 12. f4 Nbc6 13. Nf3 Qd7 14. Be3 O-O-O 15. g4
Rdf8 16. Qd2 Kb7 17. Kf2 f6 18. Rag1 Rf7 19. Rg3 Rhf8 20. Kg2 a5 21. Nh4 Na7 22.
Bf3 Nb5 23. Ra1 Ka6 24. exf6 Rxf6 25. Kh2 Qd6 26. Bg2 Rxf4 27. Bxf4 Rxf4 28. Kh3
Ng8 29. Ng6 Rf7 30. Ne5 Rf8 31. g5 hxg5 32. Rxg5 Nf6 33. Bf3 Nd7 34. Bg4 Nxe5
35. Rxe5 Rf6 36. Rae1 Qxa3 37. Rxe6 Rxe6 38. Bxe6 Qxc3+ 39. Qxc3 Nxc3 40. Bc8+
Kb5 41. Bd7+ Kb4 42. Bxa4 Ne4 43. Bc6 Nf6 44. Kh4 Kc3 45. Rf1 Nxh5 46. Kxh5 Kxd4
47. Rf5 Kc3 48. Bxd5 a4 49. Rf3+ Kb4 50. Rf1 b5 51. Rb1+ Kc5 52. Bf7 b4 53. Kg4
a3 54. Kf3 g5 55. Ke3 g4 56. Rg1 a2 57. Ra1 1-0

[Event "ChessKid Divisione 1 - Vincitori"]
[Site "Internet"]
[Date "23.05.2023"]
[Round "VS4"]
[White "Abdusattorov, Nodirbek"]
[Black "Caruana, Fabiano"]
[Result "1-0"]
[WhiteTitle "GM"]
[BlackTitle "GM"]
[WhiteElo "2731"]
[BlackElo "2764"]
[WhiteFideId "14204118"]
[BlackFideId "2020009"]
[EventDate "22.05.2023"]
[EventType "k.o."]

1. d4 Nf6 2. c4 e6 3. Nf3 d5 4. g3 Be7 5. Bg2 O-O 6. Qd3 b6 7. cxd5 Nxd5 8. O-O
Bb7 9. Nc3 Nd7 10. Nxd5 exd5 11. Bf4 c5 12. b3 a5 13. Rfd1 a4 14. Rac1 axb3 15.
axb3 Ra3 16. Qc2 Re8 17. h4 h6 18. Qb2 Ra8 19. Ne5 Bf6 20. b4 cxb4 21. Nc6 Bxc6
22. Rxc6 Ra5 23. Bh3 Nf8 24. Rc8 Qe7 25. Bd6 Qxd6 26. Rxe8 Ra3 27. e3 g6 28. Rb1
Be7 29. Bg2 Qd7 30. Rxe7 Qxe7 31. Bxd5 Ra5 32. Bc4 b5 33. Bf1 Ne6 34. Qxb4 Qxb4
35. Rxb4 Nc7 36. Rb1 Kf8 37. Rc1 Ra7 38. Rc5 b4 39. Rc4 Nd5 40. Rc8+ Ke7 41. Rb8
Ra1 42. Kg2 Rc1 43. Bd3 Rc3 44. Be4 Nf6 45. Rb7+ Kf8 46. Bf3 Rc4 47. Bd1 Ne4 48.
Bb3 Rc3 49. Rxb4 g5 50. hxg5 hxg5 51. Rb7 f6 52. Bd5 Nd6 53. Rd7 1-0

[Event "ChessKid Divisione 1 - Sconfitti"]
[Site "Internet"]
[Date "24.05.2023"]
[Round "SQ1"]
[White "Caruana, Fabiano"]
[Black "Firouzja, Alireza"]
[Result "1-0"]
[WhiteTitle "GM"]
[BlackTitle "GM"]
[WhiteElo "2764"]
[BlackElo "2785"]
[WhiteFideId "2020009"]
[BlackFideId "12573981"]
[EventDate "22.05.2023"]
[EventType "k.o."]

1. d4 Nf6 2. c4 g6 3. Nc3 d5 4. cxd5 Nxd5 5. e4 Nxc3 6. bxc3 Bg7 7. Bc4 c5 8.
Ne2 O-O 9. O-O Nc6 10. Be3 b6 11. Qd2 Bb7 12. h4 Rc8 13. Rac1 Na5 14. Bd3 e5 15.
Bg5 f6 16. Bh6 cxd4 17. cxd4 exd4 18. Bxg7 Kxg7 19. h5 Qd6 20. Nf4 Qe5 21. Rfe1
Rxc1 22. Rxc1 Rc8 23. Nd5 Rxc1+ 24. Qxc1 gxh5 25. Nf4 Bc6 26. Be2 Be8 27. g3 Nb7
28. Qa3 Na5 29. Qc1 Nb7 30. Qa3 a5 31. Qb3 b5 32. Qc2 Bf7 33. Qc6 Nc5 34. Qxb5
h4 35. Bc4 hxg3 36. fxg3 Bxc4 37. Qxc4 Nxe4 38. Kg2 Ng5 39. Qc6 Kh6 40. Qc8 Qe4+
41. Kh2 Nf3+ 42. Kh3 Ng5+ 43. Kh2 Qe7 44. Qg4 Qf7 45. Qe2 Kg7 46. a4 Qd7 47.
Nh5+ Kg6 48. Nf4+ Kh6 49. Qb5 Qc7 50. Qf5 Qe7 51. Qxa5 Nf3+ 52. Kg2 Ne5 53. Qd5
Qb4 54. Qd8 Qb7+ 55. Kh2 Ng4+ 56. Kg1 Qb1+ 57. Kg2 Qc2+ 58. Kh3 f5 59. Qf8+ 1-0

[Event "ChessKid Divisione 1 - Sconfitti"]
[Site "Internet"]
[Date "24.05.2023"]
[Round "SQ2"]
[White "Firouzja, Alireza"]
[Black "Caruana, Fabiano"]
[Result "0-1"]
[WhiteTitle "GM"]
[BlackTitle "GM"]
[WhiteElo "2785"]
[BlackElo "2764"]
[WhiteFideId "12573981"]
[BlackFideId "2020009"]
[EventDate "22.05.2023"]
[EventType "k.o."]

1. d4 Nf6 2. Nf3 d5 3. e3 e6 4. Bd3 b6 5. b3 Bb7 6. Bb2 Bd6 7. c4 dxc4 8. bxc4
c5 9. O-O cxd4 10. exd4 O-O 11. Re1 Nbd7 12. Nbd2 Rc8 13. Rc1 Re8 14. Bb1 Nf8
15. Ne5 Ng6 16. Ndf3 Nd7 17. Nxg6 hxg6 18. h4 Bxf3 19. Qxf3 Qxh4 20. g3 Qh5 21.
Qd3 e5 22. c5 bxc5 23. dxc5 Bxc5 24. Qxd7 Bxf2+ 25. Kxf2 Rcd8 26. Qxe8+ Rxe8 27.
Be4 Rd8 28. Rc2 Qg5 29. Bc1 Qg4 30. Bf3 Qe6 31. Rce2 f6 32. Be3 g5 33. Bxa7 Rd3
34. Be4 Ra3 35. Rd1 Qg4 36. Be3 Qxe4 0-1

[Event "ChessKid Divisione 1 - Sconfitti"]
[Site "Internet"]
[Date "24.05.2023"]
[Round "SQ1"]
[White "Kollars, Dmitrij"]
[Black "Moussard, Jules"]
[Result "1-0"]
[WhiteTitle "GM"]
[BlackTitle "GM"]
[WhiteElo "2607"]
[BlackElo "2644"]
[WhiteFideId "12909572"]
[BlackFideId "642908"]
[EventDate "22.05.2023"]
[EventType "k.o."]

1. e4 e5 2. Nf3 Nf6 3. Nxe5 d6 4. Nf3 Nxe4 5. d4 d5 6. Bd3 Bd6 7. O-O O-O 8. c4
c6 9. Nc3 Nxc3 10. bxc3 dxc4 11. Bxc4 Bf5 12. Bg5 Qa5 13. d5 Qc5 14. Bb3 Be4 15.
Be3 Bxf3 16. Qxf3 Qxc3 17. Rac1 Qe5 18. g3 cxd5 19. Rfd1 Nc6 20. Bxd5 Qe7 21.
Bxc6 bxc6 22. Rxc6 Bb4 23. h4 a5 24. h5 Rac8 25. h6 Rxc6 26. Qxc6 Qe6 27. Qa4
gxh6 28. a3 Bc3 29. Rc1 Rc8 30. Qc2 Rc4 31. Qd3 Qc6 32. Bd2 Bxd2 33. Rxc4 Qe6
34. Re4 Qa2 35. Re8+ Kg7 36. Qd4+ f6 37. Qd7+ Kg6 38. Qd3+ Kf7 39. Re2 Qa1+ 40.
Kg2 Bg5 41. Qxh7+ Kf8 42. Qh8+ Kf7 43. Qe8+ 1-0

[Event "ChessKid Divisione 1 - Sconfitti"]
[Site "Internet"]
[Date "24.05.2023"]
[Round "SQ2"]
[White "Moussard, Jules"]
[Black "Kollars, Dmitrij"]
[Result "1-0"]
[WhiteTitle "GM"]
[BlackTitle "GM"]
[WhiteElo "2644"]
[BlackElo "2607"]
[WhiteFideId "642908"]
[BlackFideId "12909572"]
[EventDate "22.05.2023"]
[EventType "k.o."]

1. e4 e5 2. Nf3 Nc6 3. Bb5 a6 4. Ba4 Nf6 5. O-O Nxe4 6. d4 b5 7. Bb3 d5 8. dxe5
Be6 9. c3 Be7 10. Bc2 Bg4 11. h3 Bxf3 12. gxf3 Nc5 13. b4 Na4 14. f4 Qd7 15. Qf3
O-O 16. Rd1 Rad8 17. Nd2 f6 18. Qh5 f5 19. Qf3 Kh8 20. Nf1 d4 21. Bxa4 bxa4 22.
Be3 Qe6 23. Bxd4 Bxb4 24. Ne3 Be7 25. Qe2 Na5 26. c4 Nc6 27. Bc3 Bc5 28. Nd5 Ne7
29. Nxc7 Qc6 30. Ba5 Rxd1+ 31. Rxd1 Qh6 32. Qf3 Nc6 33. Bc3 Ne7 34. Rd7 Rb8 35.
Kh2 Ng6 36. e6 Bf8 37. Nd5 Nh4 38. Qg3 Re8 39. e7 Bxe7 40. Rxe7 Rxe7 41. Nxe7 a3
42. c5 1-0

[Event "ChessKid Divisione 1 - Sconfitti"]
[Site "Internet"]
[Date "24.05.2023"]
[Round "SQ3"]
[White "Moussard, Jules"]
[Black "Kollars, Dmitrij"]
[Result "1-0"]
[WhiteTitle "GM"]
[BlackTitle "GM"]
[WhiteElo "2644"]
[BlackElo "2607"]
[WhiteFideId "642908"]
[BlackFideId "12909572"]
[EventDate "22.05.2023"]
[EventType "k.o."]

1. e4 e5 2. Nf3 Nc6 3. Bb5 a6 4. Ba4 Nf6 5. O-O Nxe4 6. d4 b5 7. Bb3 d5 8. dxe5
Be6 9. c3 Be7 10. h3 O-O 11. Bc2 Qd7 12. Nbd2 f5 13. exf6 Nxf6 14. Re1 Rae8 15.
Nf1 Bf5 16. Bxf5 Qxf5 17. Ng3 Qd7 18. Qd3 Bd6 19. Bg5 Bxg3 20. fxg3 Ne4 21. Bf4
h6 22. Rad1 g5 23. Bxc7 Rf7 24. Bb6 Ne5 25. Nxe5 Rxe5 26. Rf1 Ref5 27. Rxf5 Qxf5
28. g4 Qe6 29. Bd4 Qd6 30. Rf1 Qe6 31. Rf3 Qg6 32. Be3 Qe6 33. Bd4 Qg6 34. Qe3
Qe6 35. Rxf7 Qxf7 36. Qf3 Nd2 37. Qxf7+ Kxf7 38. Kf2 Nc4 39. b3 Na5 40. Ke3 Nc6
41. Kd3 Kg6 42. a3 Na5 43. Kc2 Nc6 44. Bf2 Na5 45. Bb6 Nc6 46. Kd3 Kf7 47. Bc7
Ke6 48. Bg3 Na5 49. Kc2 Nc6 50. Bf2 Na5 51. Bd4 Kf7 52. a4 bxa4 53. bxa4 Nc6 54.
Kd3 Kg6 55. c4 dxc4+ 56. Kxc4 h5 57. gxh5+ Kxh5 58. Bf2 Ne5+ 59. Kd4 Ng6 60. g4+
Kh6 61. Bg3 Kg7 62. Kc5 Kf6 63. Kb6 Nf4 64. h4 Nd5+ 65. Kxa6 gxh4 66. Bxh4+ Ke5
67. Bg5 Nc3 68. a5 Ne4 69. Be3 Nd6 70. g5 Kf5 71. Bc1 Ke6 72. Kb6 Nc4+ 73. Kb5
Ne5 74. a6 Kd7 75. a7 Nc6 76. a8=Q Nd4+ 77. Kc4 Ne6 78. Qd5+ Ke7 79. Ba3+ Kf7
80. Qf5+ Kg7 81. Qxe6 Kh8 82. Qf6+ Kg8 83. Bb2 Kh7 84. Qg7# 1-0

[Event "ChessKid Divisione 1 - Sconfitti"]
[Site "Internet"]
[Date "25.05.2023"]
[Round "SS1"]
[White "Caruana, Fabiano"]
[Black "Moussard, Jules"]
[Result "1-0"]
[WhiteTitle "GM"]
[BlackTitle "GM"]
[WhiteElo "2764"]
[BlackElo "2644"]
[WhiteFideId "2020009"]
[BlackFideId "642908"]
[EventDate "22.05.2023"]
[EventType "k.o."]

1. e4 e5 2. Nf3 Nf6 3. Nxe5 d6 4. Nf3 Nxe4 5. d4 d5 6. Bd3 Bd6 7. O-O O-O 8. c4
c6 9. Re1 Bf5 10. Qb3 Qd7 11. Be3 dxc4 12. Bxc4 b5 13. Bd3 Na6 14. a3 Bg6 15.
Nh4 Rfe8 16. Nxg6 hxg6 17. Nc3 Nxc3 18. bxc3 Kf8 19. a4 Nc7 20. axb5 cxb5 21.
Ra5 a6 22. g3 Rab8 23. Rea1 Qg4 24. Kg2 Qd7 25. Be2 Kg8 26. Bf3 Red8 27. h4 Bf8
28. Rh1 Qe6 29. Qxe6 fxe6 30. Bg5 Rdc8 31. Rc1 Bd6 32. c4 bxc4 33. Rxc4 Kf7 34.
Rc6 Nb5 35. Rxb5 axb5 36. Rxd6 b4 37. Rd7+ Kg8 38. Bf4 Rb6 39. Be5 b3 40. Be4 b2
41. Bxg6 b1=Q 42. Bxb1 Rxb1 43. Rxg7+ Kf8 44. h5 Rcc1 45. h6 Rg1+ 46. Kf3 Rh1
47. h7 1-0

[Event "ChessKid Divisione 1 - Sconfitti"]
[Site "Internet"]
[Date "25.05.2023"]
[Round "SS2"]
[White "Moussard, Jules"]
[Black "Caruana, Fabiano"]
[Result "1-0"]
[WhiteTitle "GM"]
[BlackTitle "GM"]
[WhiteElo "2644"]
[BlackElo "2764"]
[WhiteFideId "642908"]
[BlackFideId "2020009"]
[EventDate "22.05.2023"]
[EventType "k.o."]

1. e4 e5 2. Nf3 Nc6 3. Bb5 a6 4. Ba4 Nf6 5. O-O Be7 6. d3 b5 7. Bb3 d6 8. c3 O-O
9. Re1 Na5 10. Bc2 c5 11. Nbd2 Re8 12. Nf1 h6 13. d4 cxd4 14. cxd4 exd4 15. Nxd4
Bf8 16. Ng3 g6 17. Bd2 Bg7 18. Bc3 Bg4 19. Qd3 Qb6 20. Nb3 Nc4 21. h3 Bd7 22.
Bd4 Qd8 23. f4 Rc8 24. Re2 h5 25. Rf1 h4 26. Nh1 Nh5 27. Bxg7 Kxg7 28. Qd4+ Kg8
29. Bd3 Qb6 30. Rf3 Qxd4+ 31. Nxd4 g5 32. b3 Nxf4 33. Rxf4 gxf4 34. bxc4 bxc4
35. Bc2 c3 36. Nf2 Rc4 37. Nf3 Ba4 38. Bxa4 Rxa4 39. Rc2 Rc8 40. Kf1 Rb8 41. Nd1
Rb1 42. Ke2 Rxe4+ 43. Kd3 d5 44. Nxc3 Re3+ 45. Kd4 Rf1 46. Nxd5 Rd1+ 47. Kc5 Ra3
48. Nxf4 Ra1 49. Nxh4 R1xa2 50. Rc4 Ra5+ 51. Kb6 Rb5+ 52. Ka7 a5 53. g4 Kg7 54.
Rc6 Kf8 55. Nf5 Ke8 56. Rd6 Rab2 57. Nh5 Rb7+ 58. Ka6 Rb8 59. Nf6+ Kf8 60. Nd7+
Kg8 61. Nxb8 Rxb8 62. Kxa5 1-0

[Event "ChessKid Divisione 1 - Sconfitti"]
[Site "Internet"]
[Date "25.05.2023"]
[Round "SS3"]
[White "Moussard, Jules"]
[Black "Caruana, Fabiano"]
[Result "1/2-1/2"]
[WhiteTitle "GM"]
[BlackTitle "GM"]
[WhiteElo "2644"]
[BlackElo "2764"]
[WhiteFideId "642908"]
[BlackFideId "2020009"]
[EventDate "22.05.2023"]
[EventType "k.o."]

1. e4 e5 2. Nf3 Nc6 3. Bb5 a6 4. Bxc6 dxc6 5. O-O Qf6 6. d4 exd4 7. Bg5 Qd6 8.
Nxd4 Be7 9. Be3 Nf6 10. f3 c5 11. Ne2 Be6 12. b3 O-O-O 13. Qxd6 Bxd6 14. Nbc3
Nd7 15. Rad1 f6 16. h4 h5 17. Kf2 Ne5 18. Nd5 Bf7 19. Ng3 Rhe8 20. Rd2 c6 21.
Nb6+ Kc7 22. Rfd1 Bf8 23. Na4 Rxd2+ 24. Rxd2 b6 25. Ne2 Be7 26. Nf4 Rd8 27. Rxd8
Bxd8 28. Nd3 Nxd3+ 29. cxd3 Kd7 30. g4 g5 31. hxg5 fxg5 32. Kg3 Bc7+ 33. Kh3 Bd8
34. Nb2 Ke6 35. Kg3 Bc7+ 36. Kg2 Bd8 37. Nd1 hxg4 38. fxg4 Be7 39. Nf2 Kf6 40.
Kf3 b5 41. Ke2 a5 42. Kd2 a4 43. Kc3 axb3 44. axb3 Be6 45. Kc2 Kg6 46. Bc1 Bf6
47. Be3 Be7 48. Bd2 Bf6 49. Bc3 Bxc3 50. Kxc3 b4+ 51. Kc2 Kf6 52. Kb2 Ke5 53.
Nh3 Kf6 54. Nf2 Ke5 55. Nh3 Kf6 56. e5+ Kxe5 57. Nxg5 Bxg4 58. Ne4 Kd4 59. Kc2
Bf5 60. Nd6 Bxd3+ 61. Kb2 1/2-1/2

[Event "ChessKid Divisione 1 - Sconfitti"]
[Site "Internet"]
[Date "25.05.2023"]
[Round "Sf1"]
[White "Van Foreest, Jorden"]
[Black "Caruana, Fabiano"]
[Result "1/2-1/2"]
[WhiteTitle "GM"]
[BlackTitle "GM"]
[WhiteElo "2689"]
[BlackElo "2764"]
[WhiteFideId "1039784"]
[BlackFideId "2020009"]
[EventDate "22.05.2023"]
[EventType "k.o."]

1. e4 e5 2. Nf3 Nc6 3. Bb5 a6 4. Ba4 Nf6 5. O-O Be7 6. Re1 b5 7. Bb3 O-O 8. c3
d5 9. exd5 Nxd5 10. a4 Bb7 11. axb5 axb5 12. Rxa8 Bxa8 13. d4 exd4 14. Qd3 Bf6
15. Qxb5 Nde7 16. Bg5 Ng6 17. Qf5 Qb8 18. Bxf6 Qxb3 19. Nbd2 Qxb2 20. Bxd4 Nxd4
21. cxd4 h6 22. Ne4 Qb4 23. Re3 Nh4 24. Nf6+ gxf6 25. Nxh4 Qxd4 26. h3 Qxh4 27.
Rg3+ Kh8 28. Rg4 Qxg4 29. hxg4 Kg7 30. Qd7 c5 31. Qc7 Bd5 32. Qxc5 Be6 33. f3
Rd8 34. Qf2 Rd5 35. Qg3 Rg5 36. Qf4 Re5 37. Kh2 Rg5 38. Qd4 Rd5 39. Qc3 Rg5 40.
Qb2 Rg6 41. Kg1 Rg5 42. Kf2 Rg6 43. Ke3 Rg5 44. Kf4 Rg6 45. Qc1 Rg5 46. Qh1 Rg6
47. Kg3 Rg5 48. Kf4 Rg6 49. Ke4 Rg5 50. Kd4 Rd5+ 51. Kc3 Rc5+ 52. Kb4 Rg5 53.
Qh4 Re5 54. Qf2 Rg5 55. f4 Rxg4 56. Kc5 f5 57. Kd6 Kh7 58. Ke7 Rg8 59. g3 Rg6
60. Qf3 Rg8 61. Qd3 Rg6 62. Qc3 Rg8 63. Qd3 Rg6 64. Qc3 Rg8 65. Qd3 1/2-1/2

[Event "ChessKid Divisione 1 - Sconfitti"]
[Site "Internet"]
[Date "25.05.2023"]
[Round "Sf2"]
[White "Caruana, Fabiano"]
[Black "Van Foreest, Jorden"]
[Result "1/2-1/2"]
[WhiteTitle "GM"]
[BlackTitle "GM"]
[WhiteElo "2764"]
[BlackElo "2689"]
[WhiteFideId "2020009"]
[BlackFideId "1039784"]
[EventDate "22.05.2023"]
[EventType "k.o."]

1. e4 e5 2. Nf3 Nc6 3. Bb5 Nf6 4. d3 Bc5 5. Bxc6 dxc6 6. h3 Bd6 7. Nc3 h6 8. O-O
Nd7 9. Nd2 O-O 10. Nc4 Nb6 11. Nxd6 cxd6 12. f4 exf4 13. Bxf4 Be6 14. Qf3 d5 15.
Qg3 Kh7 16. Bc7 Qd7 17. a4 Rae8 18. Bd6 Rg8 19. Bc5 Nc8 20. exd5 Bxd5 21. Rf2 b6
22. Be3 Ne7 23. Raf1 f6 24. Bd2 c5 25. Nxd5 Nxd5 26. a5 Re5 27. axb6 axb6 28. d4
cxd4 29. Qd3+ Kh8 30. Qxd4 Qe6 31. Qd3 Rc8 32. Rf5 Rxf5 33. Rxf5 Ne7 34. Rb5 Qc6
35. c3 Ng6 36. Qd5 Qxd5 37. Rxd5 Ne5 38. b3 Rc6 39. c4 Kg8 40. Bc3 Ng6 41. Kf2
Nf4 42. Rd7 Ne6 43. Bb4 Nc5 44. Bxc5 bxc5 45. Rd5 Rb6 46. Rxc5 Rxb3 47. h4 Kf7
48. h5 Rc3 49. Rc7+ Ke6 50. c5 Kf5 51. c6 Kf4 52. Ke2 Ke5 53. g4 f5 54. Kd2 Rc5
55. gxf5 Kxf5 56. Rxg7 Rxc6 1/2-1/2

[Event "ChessKid Divisione 1 - Sconfitti"]
[Site "Internet"]
[Date "25.05.2023"]
[Round "Sf3"]
[White "Caruana, Fabiano"]
[Black "Van Foreest, Jorden"]
[Result "1-0"]
[WhiteTitle "GM"]
[BlackTitle "GM"]
[WhiteElo "2764"]
[BlackElo "2689"]
[WhiteFideId "2020009"]
[BlackFideId "1039784"]
[EventDate "22.05.2023"]
[EventType "k.o."]

1. e4 e5 2. Nf3 Nc6 3. Bb5 a6 4. Ba4 d6 5. O-O Bd7 6. c4 Be7 7. Nc3 Bf6 8. d3
Nge7 9. Be3 O-O 10. h3 h6 11. Rc1 Rc8 12. a3 Nd4 13. Bxd4 exd4 14. Bxd7 Qxd7 15.
Nd5 Nxd5 16. cxd5 c5 17. dxc6 bxc6 18. Qa4 Qb7 19. Rc2 c5 20. Qc4 Rb8 21. Nd2
Rfe8 22. Qa2 Qd7 23. f4 g6 24. Qc4 Rb6 25. Qd5 Qb7 26. Qxb7 Rxb7 27. Nc4 Be7 28.
f5 Rd8 29. Rf3 d5 30. exd5 Rxd5 31. fxg6 fxg6 32. Re2 Rf5 33. Rxf5 gxf5 34. Re6
Bg5 35. Kf2 Bc1 36. Rxa6 Bxb2 37. a4 Bc1 38. Rb6 Ra7 39. a5 Bf4 40. a6 Kf8 41.
Kf3 Bc7 42. Rxh6 Ke7 43. g4 fxg4+ 44. hxg4 Kd7 45. Ke4 Ra8 46. Kd5 Rg8 47. Rh7+
Kc8 48. Nd6+ 1-0

[Event "ChessKid Divisione 1 - Vincitori"]
[Site "Internet"]
[Date "24.05.2023"]
[Round "Vf1"]
[White "Van Foreest, Jorden"]
[Black "Abdusattorov, Nodirbek"]
[Result "1/2-1/2"]
[WhiteTitle "GM"]
[BlackTitle "GM"]
[WhiteElo "2689"]
[BlackElo "2731"]
[WhiteFideId "1039784"]
[BlackFideId "14204118"]
[EventDate "22.05.2023"]
[EventType "k.o."]

1. d4 d5 2. c4 e6 3. Nc3 Nf6 4. cxd5 exd5 5. Bg5 c6 6. e3 Bf5 7. Qf3 Bg6 8. Bxf6
Qxf6 9. Qxf6 gxf6 10. Nf3 Nd7 11. Nh4 Bb4 12. a3 Bxc3+ 13. bxc3 b5 14. a4 bxa4
15. Rxa4 a5 16. Kd2 Nb6 17. Ra1 Kd7 18. Nxg6 hxg6 19. h4 f5 20. Bd3 Kc7 21. g3
a4 22. Ra3 Ra5 23. Rb1 Rha8 24. Rb4 c5 25. dxc5 Rxc5 26. Ke2 Kc6 27. Bc2 Rca5
28. Kf3 Kc5 29. Kf4 Rb5 30. Rxb5+ Kxb5 31. h5 gxh5 32. Kxf5 Nc4 33. Bd3 Kc5 34.
Bxc4 Kxc4 35. e4 dxe4 36. Kxe4 Ra5 37. Ke3 f5 38. Kd2 f4 39. Kc2 f3 40. Ra1 a3
41. Rh1 Re5 42. Rh4+ Kd5 43. Kb3 a2 44. Ra4 Re2 45. Ra5+ Ke4 46. Ra4+ Kd5 47.
Ra5+ Ke4 48. Ra4+ Kd5 1/2-1/2